Biblioteka Instytutu Północnego w Olsztynie

200 lat Ossolineum : (Rekord nr 27251)

Szczegóły MARC
000 -Nagłówek
fixed length control field 02281cam a2200577 i 4500
001 - Nr kontrolny bibl., która utworzyła rek.
control field xx004068600
003 - Siglum bibl., której nr kontr. jest w 001
control field NUKAT
005 - Data i czas ostatniej operacji
control field 20260324101519.0
008 - Elementy pola stałej długości
fixed length control field 170713s2017 pl a c |010 0dpol c
020 ## - ISBN
ISBN 9788365588401
dopowiedzenie (oprawa miękka)
035 ## - Systemowy numer kontrolny
systemowy numer kontrolny (OCoLC)1000031657
035 ## - Systemowy numer kontrolny
systemowy numer kontrolny (NUKAT)xx004068600
040 ## - Instytucja sporządzająca opis
Instytucja, która sporządziła opis WR O/MB
język katalgowania-trzyzn. kod pol
zasady opisu rda
Instytucja, która sporządziła rekord WR O/MBs
Instytucja, która zmodyfikowała rekord WR O/PC
-- WR O/MB
-- KR U/JAKs
-- OLSZT 008/bak
045 2# - Okres czasu dla zawartości
czas między r. 9999 pne a nasz. czas. d1817
-- d2017
046 ## - Kod rodz. daty, data1, data2 (daty pne)
Begin/single date 2017
245 00 - Tytuł właściwy i oznaczenie odpow.
tytuł 200 lat Ossolineum :
dodatek do tytułu 1817-2017 : wystawa jubileuszowa : informator /
dod. inf. ze s. tyt./ozn. odpow. opracowanie Łukasz Koniarek, Marta Pękalska.
246 30 - Inne formy tytułu, wariant tytułu
tytuł Dwieście lat Ossolineum
246 14 - Inne formy tytułu, wariant tytułu
tytuł 200 lat Zakładu Narodowego im. Ossolińskich
250 ## - Oznaczenie wydania
oznaczenie wydania Wydanie pierwsze.
260 ## - Adres wydawniczy
miejsce wydania, dystrybucji itp. Wrocław :
nazwa wydawcy, dystrybutora itp. Zakład Narodowy im. Ossolińskich,
data wydania, dystrybucji itp. 2017.
300 ## - Opis fizyczny
objętość i/lub forma materiału 79, [1] strona :
inne szczegóły opisu fizycznego ilustracje (w tym kolorowe) ;
format 23 cm.
336 ## - Content Type
Term Tekst
Code txt
Source rdacontent
336 ## - Content Type
Term Obraz
Code sti
Source rdacontent
337 ## - Media Type
Term Bez urządzenia pośredniczącego
Code n
Source rdamedia
338 ## - Carrier Type
Term Wolumin
Code nc
Source rdacarrier
380 ## - Form of work
Form of work Książki
380 ## - Form of work
Form of work Publikacje informacyjne
388 1# - TIME PERIOD OF CREATION
Time period of creation term 2001-
500 ## - Uwaga ogólna
uwaga ogólna Wystawa w gmachu ZNiO we Wrocławiu.
610 27 - Hasło przedmiotowe-nazwa ciała zbior.
nazwa ciała zbior. lub geogr. Ossolineum
źródło hasła DBN
9 (RLIN) 38857
610 27 - Hasło przedmiotowe-nazwa ciała zbior.
nazwa ciała zbior. lub geogr. Ossolineum (Lwów)
źródło hasła DBN
9 (RLIN) 38858
610 27 - Hasło przedmiotowe-nazwa ciała zbior.
nazwa ciała zbior. lub geogr. Zakład Narodowy im. Ossolińskich
określnik rzeczowy historia
określnik formy katalogi wystaw.
źródło hasła kaba
9 (RLIN) 38859
610 27 - Hasło przedmiotowe-nazwa ciała zbior.
nazwa ciała zbior. lub geogr. Zakład Narodowy im. Ossolińskich
określnik rzeczowy rocznice.
źródło hasła kaba
9 (RLIN) 38860
648 #7 - SUBJECT ADDED ENTRY--CHRONOLOGICAL TERM
Chronological term 1801-1900
Source of heading or term DBN
9 (RLIN) 36037
648 #7 - SUBJECT ADDED ENTRY--CHRONOLOGICAL TERM
Chronological term 1901-2000
Source of heading or term DBN
9 (RLIN) 34996
648 #7 - SUBJECT ADDED ENTRY--CHRONOLOGICAL TERM
Chronological term 2001-
Source of heading or term DBN
9 (RLIN) 36393
650 #7 - Hasło przedmiotowe-nazwa pospolita
nazwa pospolita lub geogr. Biblioteki naukowe
źródło hasła DBN
9 (RLIN) 38861
650 #7 - Hasło przedmiotowe-nazwa pospolita
nazwa pospolita lub geogr. Edytorstwo
źródło hasła DBN
9 (RLIN) 38863
651 #7 - Hasło przedmiotowe-nazwa geogr.
nazwa geograficzna Lwów (Ukraina, obw. lwowski)
źródło hasła DBN
9 (RLIN) 38862
651 #7 - Hasło przedmiotowe-nazwa geogr.
nazwa geograficzna Wrocław (woj. dolnośląskie)
źródło hasła DBN
9 (RLIN) 37057
655 #7 - Termin określający rodzaj/formę
rodzaj/forma Informator
źródło terminu DBN
9 (RLIN) 35181
655 #7 - Termin określający rodzaj/formę
rodzaj/forma Publikacja bogato ilustrowana
źródło terminu DBN
9 (RLIN) 35165
658 ## - Nazwa określająca cel programu nauczania
główny cel programu nauczania Bibliotekarstwo, archiwistyka, muzealnictwo
658 ## - Nazwa określająca cel programu nauczania
główny cel programu nauczania Historia
700 1# - Hasło dodatkowe - nazwa osobowa
nazwa osobowa Koniarek, Łukasz
daty biograficzne (1967- ).
rodzaj współpracy Opracowanie
9 (RLIN) 38855
700 1# - Hasło dodatkowe - nazwa osobowa
nazwa osobowa Pękalska, Marta.
rodzaj współpracy Opracowanie
9 (RLIN) 38856
710 2# - Hasło dodatkowe - nazwa ciała zbior.
nazwa ciała zbior. lub nazwa geogr. Zakład Narodowy im. Ossolińskich.
rodzaj współpracy Wydawca
kod rodzaju współpracy pbl
9 (RLIN) 5174
730 0# - Hasło dodatkowe - tytuł ujednolicony
tytuł ujednolicony Katalog wystawy (Zakład Narodowy im. Ossolińskich ; Wrocław ; 2017)
9 (RLIN) 38854
920 ## - ISBN
ISBN 978-83-65588-40-1 (oprawa miękka)
942 ## - ADDED ENTRY ELEMENTS (KOHA)
Source of classification or shelving scheme Dewey Decimal Classification
Koha item type pozycje dostępne na miejscu
Egzemplarze
Status wycofania Status zagubienia Klasyfikacja Status uszkodzenia Blokada wypożyczeń Kolekcja Lokalizacja macierzysta Lokalizacja bieżąca Data nabycia Numer akcesji Źródło akcesji Cena Nr inwentarzowy il. wypożyczeń Sygnatura Kod kreskowy Date last seen Price effective from Typ egz.
    Dewey Decimal Classification nieuszkodzona   książka w magazynie Biblioteka Instytutu Północnego w Olsztynie Biblioteka Instytutu Północnego w Olsztynie 26/04/2019 W-23/2019 wymiana 20.00 59768   59768 IPWK21462 24/03/2026 24/03/2026 pozycje dostępne na miejscu
Biblioteka Instytutu Północnego, ul. Partyzantów 87, 10-402 Olsztyn, email: biblioteka(at)ip.olsztyn.pl